Enrichir son vocabulaire #5 - Statistiques

Statistiques générales
  • Ce quiz a été pris 37 fois
  • Le résultat moyen est 3 sur 10
Statistiques - réponses
Définition Réponse % Correct
Adj. Qui est plus long que large ; allongé. O{blong}
87%
N. f. 1. Explication détaillée d'un texte religieux.2. Par extension, explication d'un texte difficilement compréhensible à cause de son style pompeux et inutilement compliqué. E{xégèse}
47%
N. m. Nœud qui rassemble les cheveux et les attache près de la nuque. C{atogan}
40%
Adj. 1. Qui est d'un rouge vif, éclatant.2. Qui brille d'un vif éclat. R{utilant}
40%
N. m. Grande réception mondaine. R{aout}
37%
V. 1. Passer son temps à des choses frivoles et sans importance.2. Se promener sans but précis, flâner. B{aguenauder}
13%
N. f. Qualité de quelqu'un qui observe parfaitement les règles morales, qui respecte scrupuleusement ses devoirs, les règlements, etc. P{robité}
10%
N. f. Figure qui consiste à reprendre le dernier mot d’une phrase ou d’un vers au début de la phrase ou du vers qui suit. A{nadiplose}
3%
Adj. Qui donne ou peut donner lieu à débat, à procès. C{ontentieux}
3%
N. f. Pousse des feuilles sur les arbres et arbustes. F{rondaison}
3%
Aucun quiz correspondant
Distribution des résultats
% des personnes avec chaque résultat
Percentile par nombre de réponses
Votre historique - résultats
Vous n’avez pas pris ce quiz